Pla de subvencions a instal·lacions esportives annex del pla d'actuació municipal / Servei de Promoció de l'Esport
Descripción Física:
[30] p. : il., col. ; 30 cm
MARC
| LEADER | 00000nam a2200000Ia 4500 | ||
|---|---|---|---|
| 001 | 23135 | ||
| 008 | 160829s1981 xx 000 0 cat d | ||
| 080 | |a FU-58-32 | ||
| 110 | 1 | |a Barcelona (Catalunya : Província). |b Servei d'Esports |9 53772 | |
| 245 | |a Pla de subvencions a instal·lacions esportives annex del pla d'actuació municipal / Servei de Promoció de l'Esport | ||
| 260 | |a Barcelona : |b Diputació de Barcelona, el Servei, |c 1981 | ||
| 300 | |a [30] p. : |b il., col. ; |c 30 cm | ||
| 590 | |a Prové de Q-168, exp. 289 | ||
| 650 | |a Barcelona. Diputació. Servei d'Esports |x Memòries |9 30586 | ||
| 650 | |a Instal·lacions esportives |x Barcelona (Província) |x Subvencions |9 30587 | ||
| 901 | |a Arxiu | ||
| 942 | |n 1 | ||
| 952 | |0 0 |1 0 |4 0 |6 FU5832 |7 1 |9 54074 |a Arxiu |b Arxiu |d 2016-12-01 |l 0 |o FU-58-32 |p 23135 |r 2016-12-01 00:00:00 |w 2016-12-01 |y ARXIU | ||
| 999 | |c 57942 |d 57942 | ||